| 000 | 00412nam a2200169 a 4500 | ||
|---|---|---|---|
| 001 | 14107 | ||
| 003 | CO-ViMGA | ||
| 008 | 141112s2004 ck r 000 u spa d | ||
| 040 |
_aCO-ViMGA _bspa _cCO-ViMGA |
||
| 082 | 0 | 4 | _a813 M358 |
| 100 | 1 |
_aMelville, Hernan _920628 |
|
| 245 | 1 | 0 | _aBenito Cereno |
| 260 |
_aNavarra : _bSalvat, _c1970 |
||
| 300 | _a138 | ||
| 650 | 1 | 4 |
_aNOVELA ESTADOUNIDENSE _9761 |
| 942 |
_2ddc _cBK |
||
| 999 |
_c24806 _d24806 |
||